000 00479nmm a2200193 a 4500
003 AR-X00000XY
005 20251128212032.0
008 207020s1943 ||||||||||||||000 | spa||
040 _cAR-X00000XY
100 1 _aGómez de la Serna, Ramón
245 1 0 _aEl circo
250 _a1ª ed.
260 _aBuenos Aires
_bAl Monigote de Papel
_c1943
300 1 _axxii, 278 p.
500 0 _aCon etiqueta de Ana Becciu
655 _aLITERATURA
942 _cBK
998 _cmartin
999 _c22188
_d22188